000
00366nam a2200145Ia 4500
008
231129s1980||||xx |||||||||||||| ||spa||
020
_a
84-01-91004-8
040
_b
spa
082
_a
I823 W838p
100
_a
Wodehouse P. G.
245
0
_a
Un par de solteros
260
_c
1980
264
_a
Plaza y Janes
942
_2
ddc
_c
BKS
999
_c
25887
_d
25887